How to live with the levy (Record no. 84438)

MARC details
000 -LEADER
fixed length control field 00909cab a22002055a 4500
001 - CONTROL NUMBER
control field L157701
008 - FIXED-LENGTH DATA ELEMENTS--GENERAL INFORMATION
fixed length control field 130318e20130316xxk 000 0 eng d
035 ## - SYSTEM CONTROL NUMBER
System control number (Sirsi) u157701
041 0# - LANGUAGE CODE
Language code of text/sound track or separate title eng
100 1# - MAIN ENTRY--PERSONAL NAME
Personal name Pinnock, Roy
245 00 - TITLE STATEMENT
Title How to live with the levy
260 ## - PUBLICATION, DISTRIBUTION, ETC.
Date of publication, distribution, etc. 2013
490 ## - SERIES STATEMENT
Series statement Estates Gazette
Volume/sequential designation (1311) 16 March 2013, 76-77(2)
520 ## - SUMMARY, ETC.
Summary, etc. Considers areas for further reform for the Community Infrastructure Levy (CIL) following the changes that have come into force on 28 November 2012. These make the CIL more effective by ensuring that applications to vary conditions, extend time limits or make minor material amendments to planning permissions do not create further liability but more changes are needed to address further problems.
590 ## - LOCAL NOTE (RLIN)
Local note KA
651 #4 - SUBJECT ADDED ENTRY--GEOGRAPHIC NAME
Geographic name England and Wales
Chronological subdivision 1543-
690 ## - LOCAL SUBJECT ADDED ENTRY--TOPICAL TERM (OCLC, RLIN)
Topical term or geographic name as entry element Planning and development
9 (RLIN) 6259
700 1# - ADDED ENTRY--PERSONAL NAME
Personal name Ashworth, Stephen
942 ## - ADDED ENTRY ELEMENTS (KOHA)
Suppress in OPAC 0
Holdings
Withdrawn status Lost status Source of classification or shelving scheme Damaged status Not for loan Home library Current library Shelving location Date acquired Total Checkouts Full call number Barcode Date last seen Copy number Price effective from Koha item type
    Dewey Decimal Classification     London London Journal article 18/03/2013   L157701 157701-1001 06/08/2019 1 06/08/2019 Journal article